| 000 | 00704nam a22002175i 4500 | ||
|---|---|---|---|
| 005 | 20180809150405.0 | ||
| 010 | _aB-701198 | ||
| 020 |
_a9789357940603 _c195.00 |
||
| 035 | _aB-701198 | ||
| 037 |
_bDBAD _adpl |
||
| 082 | _a005 | ||
| 100 | 1 | _aGupta, Shikha | |
| 245 | 1 | 0 |
_aNational cyber Olympiad - 2 / _cby Shikha Gupta and Shikha Nautiyal |
| 260 |
_bV & S Publishers _c2016 |
||
| 270 |
_aF-2/16, Ansari Road, Darya Ganj _bNew Delhi _e110002 |
||
| 300 |
_a144 p ; _b24cm (pbk) _cIllus. _eC.D.Rome |
||
| 490 |
_aThe Gen. X series _v2 |
||
| 700 | _aNautiyal, Shikha | ||
| 942 |
_2ddc _cCH _h005 _mGUP |
||
| 999 |
_c155515 _d155515 |
||